00000000nam 2200000zi 4500
0019.947532
003CaOODSP
00520250129141908
006m     o  d f      
007cr mn|||||||||
008250129e199209  onc     obs  f000 0 eng d
020 |z0662198875
040 |aCaOODSP|beng|erda|cCaOODSP
043 |an-cn---
0861 |aZ1-1989/1-41-14E-PDF|zZ1-1989/1-41-14E
1001 |aLeore, Robert, |eauthor.
24510|aIntercity passenger transportation data compendium / |cRobert Leore.
264 1|a[Ottawa] : |b[Royal Commission on National Passenger Transportation], |cSeptember 1992.
264 4|c©1992
300 |a1 online resource (1 volume (various pagings))
336 |atext|btxt|2rdacontent
337 |acomputer|bc|2rdamedia
338 |aonline resource|bcr|2rdacarrier
500 |aIssued also in French under title: Transport interurbain des voyageurs : regroupement des données.
500 |a"Report Prepared for the Research Division, Royal Commission on National Passenger Transportation."
500 |a"RR-14."
500 |a"Mark V."
500 |aDigitized edition from print [produced by Government of Canada Publications Directorate].
504 |aIncludes bibliographical references.
650 0|aTransportation|zCanada|xPassenger traffic|vStatistics.
650 0|aRailroads|zCanada|xPassenger traffic|vStatistics.
650 0|aBus lines|zCanada|vStatistics.
650 0|aAeronautics, Commercial|zCanada|vStatistics.
7101 |aCanada. |bRoyal Commission on National Passenger Transportation. |bResearch Division, |eissuing body.
77508|tTransport interurbain des voyageurs : |w(CaOODSP)9.947535
85640|qPDF|s13.9 MB|uhttps://publications.gc.ca/collections/collection_2025/bcp-pco/Z1-1989-1-41-14-eng.pdf